| 000 | 00413nam a2200157Ia 4500 | ||
|---|---|---|---|
| 008 | 210716s2009 xx 000 0 und d | ||
| 020 | _a9788132102434 | ||
| 041 | _aeng | ||
| 082 | _a658.56 YOUS | ||
| 100 | _aYoung, Scott T. | ||
| 245 | _aEssentials of operations management. | ||
| 250 | _a1 | ||
| 260 |
_aNew Delhi _bSage Publications _c2009 |
||
| 300 | _axx,374,A-41,I-14 | ||
| 650 | _aOperations Management | ||
| 999 |
_c205907 _d205907 |
||